Estudio del aumento de la capacidad de transporte de energía eléctrica, mediante el cambio de conductor, en la L.T. Siquirres-Moín
Guardat en:
| Autor principal: | |
|---|---|
| Format: | Llibre |
| Publicat: |
San José, C.R.
2000
|
| Matèries: | |
| Etiquetes: |
Afegir etiqueta
Sense etiquetes, Sigues el primer a etiquetar aquest registre!
|
MARC
| LEADER | 00000nam a2200000Ia 4500 | ||
|---|---|---|---|
| 003 | 008594 | ||
| 005 | 20221231144207.0 | ||
| 008 | 140114s2000 cr a m 000 ||s d | ||
| 040 | |c cru CEDI | ||
| 090 | |a TFG 4212 | ||
| 100 | |a Salazar Castro, Gustavo |9 8079 | ||
| 245 | |a Estudio del aumento de la capacidad de transporte de energía eléctrica, mediante el cambio de conductor, en la L.T. Siquirres-Moín | ||
| 260 | |c 2000 |a San José, C.R. | ||
| 300 | |a ix, 48 hojas : ilustraciones | ||
| 500 | |a Proyecto de graduación (bachillerato en ingeniería eléctrica)--Universidad de Costa Rica. Facultad de Ingeniería. Escuela de Ingeniería Eléctrica | ||
| 650 | |x ENERGIA ELECTRICA |x DISTRIBUCION |x RECURSOS ENERGETICOS |x LINEAS ELECTRICAS |x MEDICIONES |9 8080 | ||
| 942 | |c TFG | ||
| 999 | |c 18244 |d 18244 | ||
